000 00569nam a22001817a 4500
005 20231107064434.0
008 231107b |||||||| |||| 00| 0 eng d
020 _a0702126411
041 _aEnglish
082 _a346.5 HON
100 _aHonore, T and Cameron, E
_lEnglish
245 _aHonore's South African Law of Trusts /
_cT Honore and E Cameron
250 _aFourth Edition
260 _aCape Town :
_bJuta and Company Ltd,
_c1992
300 _blxxix, 616 pages ;
_c26 cm.
650 _aLegal practice
_bLaw
942 _cBK
_6ALISON_BN_VRIES
999 _c342
_d342